La nomination des éveques:procédures canoniques et conventions diplomatiques

I tiakina i:
Ngā taipitopito rārangi puna kōrero
Kaituhi matua: Onorio, Joël-Benoît d' (auteur)
Hōputu: Pukapuka
Reo:Wīwī
I whakaputaina: París Tardy 1986
Ngā marau:
Ngā Tūtohu: Tāpirihia he Tūtohu
Kāore He Tūtohu, Me noho koe te mea tuatahi ki te tūtohu i tēnei pūkete!

MARC

LEADER 00000nam a2200000 a 4500
001 UCR7326
003 CL-VaPUC
008 980514e19860000FR |||||||||||||||||fre|d
082 0 4 |a 262.9  |b DON  |2 21 
100 |a Onorio, Joël-Benoît d'  |e auteur  |9 408616 
245 1 3 |a La nomination des éveques:procédures canoniques et conventions diplomatiques 
300 |a 158 p 
942 |c BK 
945 |d 19980514 00:00:00  |a mvenant 
260 |a París  |b Tardy  |c 1986 
650 7 |a DERECHO CANONICO  |2 CL-VaPUC  |9 408670 
650 7 |a OBISPOS  |2 CL-VaPUC  |9 408671 
650 0 |a Episcopado  |9 258396 
650 0 |a Diplomacia  |9 256483 
583 |a last modification  |c 19980514 00:00:00  |k Rodrigo Vera 
999 |c 269047  |d 269045 
952 |0 0  |1 0  |4 0  |6 262_900000000000000_DON_1986  |7 0  |8 A  |9 302642  |a BIBDER  |b BIBDER  |d 2019-11-20  |i 3425061  |o 262.9 DON 1986  |p 3425061  |r 2023-01-25  |w 2019-11-20  |y BK  |k DER